00530 2200217 4500001002100000005001500021035002000036007000300056008004100059020002200100082001000122084001600132100002000148245003700168250001000205260003000215300002700245650001800272990001100290990001100301INLIS00000000000460520191216094947 a0010-1219000057ta191216 g 0 ind  a978-979-1442-72-5 a808.1 a808.1 MAS a0 aMAS, Triadnyani1 aAku Lihat Bali /cMas Triadnyani acet.1 aDepok :bKoekoesan,c2015 avii, 103 hlm. ;c21 cm 4aSASTRA. PUISI a7275 a a7275 b